First-time leader : foundational tools for inspiring and enabling your new team.

Bibliographic Details
Main Author: Bradt, George B.
Other Authors: Davis, Gillian
Format: Book
Published: Hoboken, New Jersey: John Wiley & Sons, Inc., 2014.
Subjects:
LEADER 00538cam a2200169 7i4500
001 0000032011
005 20150825090000.0
020 0 0 |a 9781118828120  
090 0 0 |a B 658.4092   |b BRA 
100 1 0 |a Bradt, George B.  
245 1 0 |a First-time leader :   |b foundational tools for inspiring and enabling your new team. 
260 0 0 |a Hoboken, New Jersey:   |b John Wiley & Sons, Inc.,   |c 2014. 
300 # # |a 224 pages. 
650 0 0 |a Leadership  
650 0 0 |a Teams in workplace  
700 1 0 |a Davis, Gillian  
999 |a B000035771  |b Book  |c Book  |e Business Information Centre